<An> overview of approaches to measurement of tourism impacts

LATI (Local Area Tourism Impact) model pre 33 londýnskych štvrtí, LAC UK (Local Tourism System - ekonomické aspekty cestovného ruchu monitorované národným štatisktickým úradom Veľkej Británie) a LAC Italy (životný cyklus destinácie) modely a ich možná implementácia na rôznych úrovniach v podmienkach...

Descrizione completa

Salvato in:
Dettagli Bibliografici
Autore principale: Plzáková, Lucie
Natura: Capitolo di libro
Lingua:inglese
Soggetti:
Tags: Aggiungi Tag
Nessun Tag, puoi essere il primo ad aggiungerne!!

MARC

LEADER 00000naa a2200000 4500
001 0191187
005 20231204131413.6
041 0 |a eng 
044 |a SK 
245 1 0 |a <An> overview of approaches to measurement of tourism impacts  |c Lucie Plzáková 
520 |a LATI (Local Area Tourism Impact) model pre 33 londýnskych štvrtí, LAC UK (Local Tourism System - ekonomické aspekty cestovného ruchu monitorované národným štatisktickým úradom Veľkej Británie) a LAC Italy (životný cyklus destinácie) modely a ich možná implementácia na rôznych úrovniach v podmienkach ČR. 
610 2 0 |a ruch cestovný 
610 2 0 |a meranie 
610 2 0 |a dopad daňový 
610 2 0 |a dôsledky sociálne 
610 2 0 |a Česko 
610 2 0 |a modely dynamické časové 
610 2 0 |a modely ekonomické 
100 1 |a Plzáková, Lucie